00561nam a22001697a 4500003000900000008004100009040007100050082002000121100002300141245001500164260003700179300004400216505009600260650000900356650001700365650000900382AR-CdUCM190527b ||||| |||| 00| 0 spa d aMUNICIPALIDAD PROVINCIAL DEL CUSCOcBIBLIOTECA MUNICIPAL DEL CUSCO a791.41 / bSO69 aSosnovsky, Emanuil aEl cine /  aBuenos Aires : bCartago,c1966. a158 páginasc20 cm. bIlustraciones.  aContenido: Los primeros pasos -- Comienzo del desarrollo -- Florecimiento del cine mudo...  aCine aActuación  a1930